000 00340nam a22001457a 4500
008 210518b ||||| |||| 00| 0 eng d
020 _a9781413027365
041 _aeng
080 _26th
_a82
082 _a82
100 _a21
101 _aGJL
245 _aPortable Literature reading reacting writing
_cKirszner,L.G
942 _2udc
_cBK
999 _c57379
_d57379